| 000 | 01158nam a2200277 a 4500 | ||
|---|---|---|---|
| 001 | 36659 | ||
| 003 | BD-RjUL | ||
| 005 | 20211209052521.0 | ||
| 008 | 920306s1991 bg ab bs 000 0 eng | ||
| 020 | _a9840511653 (v. 1) | ||
| 020 | _a9840511653 (v.1) | ||
| 035 | _a(BD-RjUL)36760 | ||
| 040 |
_aLC _beng _cLC _dANL |
||
| 082 |
_a338.95492 _2REP 1991 |
||
| 245 | 0 | 0 |
_aReport of the task forces on Bangladesh development strategies for the 1990's : _bmanaging the development process : _nVolume One, _pPolicies for development. |
| 250 | _a1st ed. | ||
| 260 |
_aDhaka, Bangladesh : _bUniversity Press, _cc1991. |
||
| 300 |
_aix, 374p. _bill. ; _c25 cm. |
||
| 500 | _aISBN printed on v. 3 T.p. verso is the same as on v. 1, i.e. 9840511653. However the ISBN on v. 3. jacket is 984051167X. | ||
| 504 | _aIncludes bibliographical references. | ||
| 505 | 0 | _av. 1. Policies for development -- v. 2. Managing the development process -- v. 3. Developing the infrastructure -- v. 4. Environment policy, environment and development. | |
| 651 | 0 |
_aBangladesh _xEconomic policy. _98470 |
|
| 942 |
_2ddc _cBK |
||
| 999 |
_c36659 _d36659 |
||